[Event "13th Goodricke"]
[Site "Calcutta IND"]
[Date "2002.03.23"]
[Round "7"]
[White "Ramaswamy,A"]
[Black "Roy Chowdhury,S"]
[Result "1/2-1/2"]
[WhiteElo "2320"]
[BlackElo "2358"]
[EventDate "2002.03.17"]

1. e4 c5 2. Nf3 Nc6 3. d4 cxd4 4. Nxd4 e5 5. Nb5 d6 6. c4 Be7 7. b3 a6 8.
N5c3 f5 9. Bd3 f4 10. Nd5 Nf6 11. Nbc3 O-O 12. Bb2 Kh8 13. Qd2 Ng4 14. h3
Nh6 15. Nxe7 Nxe7 16. Rd1 Nf7 17. Be2 Ng6 18. Bg4 Bxg4 19. hxg4 f3 20. g3
Qc8 21. g5 Qg4 22. Bc1 b5 23. Qe3 bxc4 24. bxc4 Rac8 25. Rd3 Rxc4 26. Qxf3
Qxf3 27. Rxf3 Kg8 28. Rd3 Rfc8 29. Bd2 Nxg5 30. Bxg5 Rxc3 31. Rxd6 Ra3 32.
O-O Rxa2 33. Rb1 Rf8 34. Be3 Re8 35. Rb7 Re7 36. Rbb6 a5 37. Ra6 Rb7 38.
Rd5 Ra4 39. Rdxa5 Rxe4 40. Kg2 Reb4 41. Ra7 Rb3 42. Bc5 Kf7 43. Bd6 Ke6 44.
R7a6 R3b6 45. Bc7 Rxa6 46. Rxa6+ Kd5 47. Bd6 Rd7 48. Bb8 Rb7 49. Bd6 Nh8
50. Bf8 Rd7 51. Ra8 Ng6 52. Ba3 Ke6 53. Kf3 h5 54. Bc5 Kf5 55. Ra6 Rc7 56.
Bb4 Rb7 57. Bc5 Nh8 58. Ra7 Rxa7 59. Bxa7 Nf7 60. Bc5 Ng5+ 61. Ke3 Ne6 62.
Be7 g5 63. Kf3 Nc7 64. Bd8 Nd5 65. Ke2 Kg4 66. Kd3 Kf5 67. Ke2 Nb4 68. Kf3
Nc6 69. Bc7 Nd4+ 70. Ke3 Nc6 71. Kf3 Nb4 72. Ba5 Nd5 73. Bd8 e4+ 74. Kg2
Kg4 75. Kg1 h4 76. gxh4 gxh4 77. Kg2 Nf4+ 78. Kh2 Nd3 79. Bb6 Kf3 80. Kh3
Nxf2+ 81. Kxh4 Nd3 82. Kh3 Nf4+ 83. Kh2 Ne6 84. Kg1 Ke2 85. Kg2 1/2-1/2

[Event "13th Goodricke"]
[Site "Calcutta IND"]
[Date "2002.03.23"]
[Round "7"]
[White "Sangma,R"]
[Black "Girinath,P"]
[Result "1-0"]
[WhiteElo "2180"]
[BlackElo "2336"]
[EventDate "2002.03.17"]

1. e4 c5 2. Nf3 Nc6 3. d4 cxd4 4. Nxd4 Nf6 5. Nc3 d6 6. Be2 e5 7. Nf3 h6 8.
O-O Be7 9. h3 O-O 10. Bc4 Be6 11. Bb3 Rc8 12. Qe2 Na5 13. Rd1 Qc7 14. Nh4
Rfd8 15. Nf5 Bxf5 16. exf5 a6 17. Bd2 Nc4 18. Bxc4 Qxc4 19. Rac1 Qxe2 20.
Nxe2 Rc6 21. Bb4 Kf8 22. c3 d5 23. Bxe7+ Kxe7 24. f4 exf4 25. Nxf4 Rc4 26.
Re1+ Kd6 27. Nd3 Re4 28. Kf2 h5 29. Rcd1 Rde8 30. Rxe4 dxe4 31. Nf4+ Ke5
32. Ke3 Re7 33. Rd4 h4 34. c4 Kxf5 35. Nd5 Rd7 36. Nxf6 Rxd4 37. Kxd4 gxf6
38. b4 Kf4 39. c5 f5 40. a4 e3 41. Kd3 e2 42. Kxe2 Ke4 43. b5 axb5 44. c6
1-0

[Event "13th Goodricke"]
[Site "Calcutta IND"]
[Date "2002.03.24"]
[Round "8"]
[White "Kuzmin,A"]
[Black "Sasikiran,K"]
[Result "1/2-1/2"]
[WhiteElo "2568"]
[BlackElo "2569"]
[EventDate "2002.03.17"]

1. d4 d5 2. c4 c6 3. Nc3 Nf6 4. e3 e6 5. Nf3 Nbd7 6. Qc2 Bd6 7. Bd3 O-O 8.
O-O dxc4 9. Bxc4 a6 10. a3 c5 11. dxc5 Bxc5 12. b4 Be7 13. Bb2 b5 14. Bd3
Bb7 15. Rfd1 Rc8 16. Rac1 Rc7 17. Qe2 Qb8 18. Nb1 Rfc8 19. Nbd2 Rxc1 20.
Rxc1 Rxc1+ 21. Bxc1 Nb6 22. Bb2 Na4 23. Bd4 Qc7 24. Qd1 Nd5 25. Qc2 Qxc2
26. Bxc2 f6 27. Bb3 Kf7 28. e4 Ndc3 29. Bxc3 Nxc3 30. Nd4 Bc8 31. f4 Bd8
32. Kf2 Bb6 33. Ke3 Ne2 34. N2f3 Nxd4 35. Nxd4 Ke7 36. Kd3 Bc7 37. g3 Bd7
38. f5 exf5 39. Nxf5+ Kf8 40. Nd4 Be5 41. Ne6+ Ke7 42. Nxg7 Bb2 43. Nf5+
Kf8 44. Bd5 Bc8 45. Nd6 Bh3 46. Nf5 Bxa3 47. Kc3 Bxf5 48. exf5 Ke7 49. Bb7
Kd6 50. Bxa6 Kc6 51. Bc8 Bc1 52. Be6 Be3 53. Bf7 Bg1 54. Be8+ Kb6 55. h3
Bf2 56. g4 Be1+ 57. Kb3 h6 1/2-1/2

[Event "13th Goodricke"]
[Site "Calcutta IND"]
[Date "2002.03.24"]
[Round "8"]
[White "Yegiazarian,A"]
[Black "Sorokin,M"]
[Result "1-0"]
[WhiteElo "2567"]
[BlackElo "2551"]
[EventDate "2002.03.17"]

1. e4 e5 2. Nf3 Nf6 3. Nxe5 d6 4. Nc4 Nxe4 5. d4 d5 6. Ne3 g6 7. Bd3 Bg7 8.
c4 c6 9. cxd5 cxd5 10. Nc3 Nf6 11. O-O O-O 12. Nc2 Nc6 13. Bg5 Be6 14. Qd2
Qd7 15. Bh6 Bf5 16. Bxg7 Kxg7 17. Rad1 Bxd3 18. Qxd3 Rfe8 19. Qf3 Re6 20.
Ne3 Rd8 21. g4 Ne7 22. Qg2 Qd6 23. Ne2 Qa6 24. Nf4 Rb6 25. g5 Nfg8 26.
Nfxd5 Nxd5 27. Nxd5 Rxb2 28. Ne3 Rxa2 29. Qe4 Qe6 30. Qxb7 Ne7 31. Qc7 Rc8
32. Qe5+ Qxe5 33. dxe5 Nf5 34. Ng4 h6 35. Rd7 hxg5 36. e6 Nh6 37. Nxh6 Kxh6
38. e7 1-0

[Event "13th Goodricke"]
[Site "Calcutta IND"]
[Date "2002.03.24"]
[Round "8"]
[White "Shariyazdanov,A"]
[Black "Kotsur,P"]
[Result "1/2-1/2"]
[WhiteElo "2532"]
[BlackElo "2578"]
[EventDate "2002.03.17"]

1. d4 Nf6 2. c4 e6 3. Nc3 Bb4 4. Qc2 c5 5. dxc5 Bxc5 6. Nf3 Qb6 7. e3 Qc7
8. b3 a6 9. Bb2 b6 10. Be2 Bb7 11. O-O Be7 12. Rad1 d6 13. Rd2 Nbd7 14.
Rfd1 1/2-1/2

[Event "13th Goodricke"]
[Site "Calcutta IND"]
[Date "2002.03.24"]
[Round "8"]
[White "Sermek,D"]
[Black "Yogesh,G"]
[Result "1-0"]
[WhiteElo "2595"]
[BlackElo "2333"]
[EventDate "2002.03.17"]

1. e4 d6 2. d4 Nf6 3. Nc3 g6 4. g3 Bg7 5. Bg2 O-O 6. Nge2 Nfd7 7. O-O e5 8.
Be3 Nc6 9. h3 exd4 10. Nxd4 Nde5 11. Nde2 Rb8 12. b3 Re8 13. f4 Nd7 14. Qd2
b6 15. Rae1 Ba6 16. e5 Ne7 17. exd6 Nf5 18. dxc7 Qxc7 19. Nd5 Qd6 20. Bf2
Nf6 21. c4 Nxd5 22. Bxd5 Rbd8 23. Nc3 Qb4 24. Rxe8+ Rxe8 25. Rc1 Bf8 26. g4
Nd6 27. Bd4 Bb7 28. Rd1 Be7 29. Qg2 Bxd5 30. Nxd5 Qa5 31. Bf6 Bd8 32. Kh2
b5 33. c5 Ne4 34. b4 Qa4 35. Re1 Nxf6 36. Nxf6+ Bxf6 37. Rxe8+ Kg7 38. Re4
Qd1 39. Qe2 Qa1 40. g5 Bc3 41. c6 Qc1 42. c7 Bb2 43. c8=Q 1-0

[Event "13th Goodricke"]
[Site "Calcutta IND"]
[Date "2002.03.24"]
[Round "8"]
[White "Blauert,J"]
[Black "Barua,D"]
[Result "0-1"]
[WhiteElo "2390"]
[BlackElo "2515"]
[EventDate "2002.03.17"]

1. e4 e6 2. d4 d5 3. exd5 exd5 4. Nf3 Nf6 5. Bg5 Be7 6. Bd3 Bg4 7. O-O Nbd7
8. Nbd2 O-O 9. c3 Bh5 10. Qb3 Nb6 11. Rfe1 Bg6 12. Bxg6 hxg6 13. Ne5 Re8
14. Nd3 Qd7 15. a4 Qf5 16. Bxf6 gxf6 17. Nc5 Qf4 18. Nf1 Bxc5 19. dxc5 Rxe1
20. Rxe1 Qxa4 21. Qxa4 Nxa4 22. Re7 Rc8 23. Ne3 Nxb2 24. Nxd5 Na4 25. c6
bxc6 26. Nxf6+ Kf8 27. Re1 Rd8 28. h4 Nb6 29. Nh7+ Kg7 30. Ng5 a5 31. Re5
a4 32. Ra5 Ra8 33. Rxa8 Nxa8 34. Nf3 a3 35. Nd4 Nb6 36. Nc2 a2 37. Kf1 Na4
38. Ke2 Nxc3+ 39. Kd3 Nb1 40. Ke4 f5+ 41. Ke5 Kh6 42. Na1 Kh5 43. g3 Nc3
44. Kf4 c5 0-1

[Event "13th Goodricke"]
[Site "Calcutta IND"]
[Date "2002.03.24"]
[Round "8"]
[White "Koneru,H"]
[Black "Mahesh Chandran,P"]
[Result "0-1"]
[WhiteElo "2539"]
[BlackElo "2436"]
[EventDate "2002.03.17"]

1. d4 Nf6 2. Nf3 e6 3. g3 Be7 4. Bg2 O-O 5. O-O d5 6. c4 dxc4 7. Qc2 a6 8.
Qxc4 b5 9. Qc2 Bb7 10. Bd2 Be4 11. Qc1 Nbd7 12. Ba5 Rc8 13. Nbd2 Bb7 14.
Qc2 Nb8 15. Nb3 Be4 16. Qd2 Nc6 17. Rfc1 b4 18. Ne5 Nxa5 19. Nxa5 Bxg2 20.
Kxg2 c5 21. Nac6 Rxc6 22. Nxc6 Qd5+ 23. f3 Qxc6 24. Qxb4 Nd5 25. Qa5 Rb8
26. b3 Qa8 27. dxc5 Bg5 28. Rg1 Rb5 29. Qa4 Be3 30. Rge1 Rxc5 31. Qe4 Qc8
32. Rad1 f5 33. Qh4 h6 34. Kh1 Rc2 35. Rd3 Kh7 36. Red1 Qc6 37. a3 f4 38.
Re1 Bf2 39. Rf1 Rxe2 40. Qh5 Ne3 41. Ra1 Rc2 0-1

[Event "13th Goodricke"]
[Site "Calcutta IND"]
[Date "2002.03.24"]
[Round "8"]
[White "Ravi,T"]
[Black "Ramesh,R"]
[Result "1-0"]
[WhiteElo "2357"]
[BlackElo "2480"]
[EventDate "2002.03.17"]

1. e4 c6 2. d4 d5 3. exd5 cxd5 4. c4 Nf6 5. Nc3 e6 6. Nf3 Bb4 7. cxd5 Nxd5
8. Qc2 Nc6 9. Bd3 Ba5 10. a3 Nxc3 11. bxc3 Nxd4 12. Nxd4 Qxd4 13. Bb5+ Bd7
14. O-O Qd5 15. c4 Qf5 16. Bxd7+ Kxd7 17. Qb2 b6 18. a4 f6 19. Rd1+ Kc6 20.
c5 Rad8 21. Be3 Rd5 22. Qb5+ Kc7 23. Qa6 Rxd1+ 24. Rxd1 Rd8 25. cxb6+ Bxb6
26. Bxb6+ axb6 27. Qa7+ Kc6 28. Rc1+ Kd5 29. Qb7+ 1-0

[Event "13th Goodricke"]
[Site "Calcutta IND"]
[Date "2002.03.24"]
[Round "8"]
[White "Mohota,N"]
[Black "Bakre,T"]
[Result "0-1"]
[WhiteElo "2257"]
[BlackElo "2477"]
[EventDate "2002.03.17"]

1. d4 Nf6 2. c4 e6 3. Nc3 Bb4 4. e3 c5 5. Nge2 b6 6. a3 Ba5 7. Rb1 Na6 8.
Qa4 Qe7 9. dxc5 Nxc5 10. Qc2 Bxc3+ 11. Nxc3 Bb7 12. f3 e5 13. b4 Ne6 14.
Bd3 h6 15. O-O O-O 16. f4 d6 17. Bb2 Rac8 18. fxe5 Ng4 19. Qe2 Nxe5 20. Nd5
Qh4 21. g3 Qd8 22. Bxe5 dxe5 23. Rbd1 Kh8 24. Bb1 Qe8 25. Qd3 Ng5 26. h4 e4
27. Qc2 Nh7 28. Rf4 f5 29. g4 Nf6 30. Nxf6 Rxf6 31. gxf5 Rxf5 32. Rxf5 Qg6+
33. Qg2 Qxf5 34. Rf1 Qe5 35. Rc1 Rf8 36. Rd1 Qc3 37. Qe2 Qxa3 38. Qd2 Qa4
39. Qd7 Qb3 40. Qd4 Rf3 41. Re1 Qxb4 42. Rc1 Qe7 43. Rd1 Qxh4 44. Qd8+ Qxd8
45. Rxd8+ Kh7 46. Rb8 Rxe3 47. Rxb7 Re1+ 48. Kf2 Rxb1 49. c5 Rc1 50. cxb6
axb6 51. Rxb6 Rc3 52. Re6 e3+ 53. Ke2 h5 54. Ra6 g6 55. Re6 Kh6 56. Re5 h4
57. Kf3 g5 58. Kg4 Rc4+ 59. Kh3 Kh5 60. Rxe3 g4+ 61. Kg2 Rc2+ 62. Kg1 h3
63. Re1 Kg5 64. Ra1 Rg2+ 65. Kh1 Re2 66. Ra5+ Kf4 67. Ra4+ Kf3 68. Ra3+ Re3
69. Ra1 Rd3 70. Rf1+ Ke2 71. Rf8 g3 72. Re8+ Kf3 73. Re1 Rd2 74. Kg1 Rg2+
75. Kh1 Rf2 76. Ra1 g2+ 77. Kh2 Rf1 78. Ra3+ Ke4 79. Ra4+ Kd5 0-1

[Event "13th Goodricke"]
[Site "Calcutta IND"]
[Date "2002.03.24"]
[Round "8"]
[White "Al Sayed,Mohamad"]
[Black "Visweswaran,K"]
[Result "1-0"]
[WhiteElo "2413"]
[BlackElo "2310"]
[EventDate "2002.03.17"]

1. e4 c5 2. Nf3 d6 3. d4 cxd4 4. Nxd4 Nf6 5. Nc3 a6 6. f4 e5 7. Nf3 Nbd7 8.
a4 Be7 9. Bd3 O-O 10. O-O Qc7 11. Kh1 Nc5 12. Qe1 Bg4 13. Qg3 Nxd3 14. cxd3
exf4 15. Bxf4 Be6 16. Be3 Rac8 17. Rac1 Qa5 18. Nd4 Qe5 19. Qe1 Ng4 20. Bg1
Qh5 21. Qg3 Bh4 22. Qf3 Bg5 23. Rcd1 Be3 24. h3 Bxg1 25. Rxg1 Qe5 26. hxg4
Qxd4 27. Rc1 Rc5 28. Rge1 Rfc8 29. Rc2 h6 30. Rec1 Qe5 31. Qe3 Qg5 32. Qf2
Bb3 33. Rd2 Qxg4 34. Rf1 Rf8 35. Kg1 Rg5 36. Qb6 Qe6 37. Qxb7 a5 38. Rdf2
g6 39. Rf3 h5 40. R1f2 f6 41. Ne2 Bxa4 42. Nf4 Qd7 43. Qb6 Bc6 44. Qb3+ d5
45. Nh3 Re5 46. Rxf6 Rxf6 47. Rxf6 Kg7 48. Rf2 dxe4 49. Qc3 Qd6 50. dxe4
Qc5 51. Qf3 Qe7 52. Qc3 Qc5 53. Qb3 Qe7 54. Nf4 Bxe4 55. Qc3 Kh7 56. Re2
Qg5 57. Nh3 Qf5 58. Qe3 Rb5 59. Qxe4 1-0

[Event "13th Goodricke"]
[Site "Calcutta IND"]
[Date "2002.03.24"]
[Round "8"]
[White "Suvrajit,S"]
[Black "Saravanan,V"]
[Result "1/2-1/2"]
[WhiteElo "2346"]
[BlackElo "2393"]
[EventDate "2002.03.17"]

1. d4 d5 2. c4 e6 3. Nc3 Be7 4. Nf3 Nf6 5. Bg5 O-O 6. e3 h6 7. Bh4 b6 8.
Be2 Bb7 9. Bxf6 Bxf6 10. cxd5 exd5 11. b4 c6 12. O-O a5 13. a3 axb4 14.
axb4 Qd6 15. Rxa8 Bxa8 16. Qb3 Re8 17. Rd1 Nd7 18. Bf1 Bb7 19. b5 c5 20.
dxc5 Nxc5 21. Qb4 Qe6 22. Nd4 Qg4 23. Be2 Qg6 24. Bf3 Be5 25. g3 Ne4 26.
Nxe4 dxe4 27. Be2 Bd6 28. Qb3 Rc8 29. Nc6 Bxc6 30. bxc6 Rxc6 31. Qd5 Be7
32. Rd4 Rc2 33. Bd1 Rc1 34. Kg2 Qc6 1/2-1/2

[Event "13th Goodricke"]
[Site "Calcutta IND"]
[Date "2002.03.24"]
[Round "8"]
[White "Sengupta,D"]
[Black "Konguvel,P"]
[Result "1/2-1/2"]
[WhiteElo "2292"]
[BlackElo "2404"]
[EventDate "2002.03.17"]

1. e4 c5 2. Nf3 Nc6 3. d4 cxd4 4. Nxd4 g6 5. c4 Nf6 6. Nc3 d6 7. Be2 Nxd4
8. Qxd4 Bg7 9. Be3 O-O 10. Qd2 Be6 11. Rc1 Qa5 12. f3 Rfc8 13. b3 a6 14.
Nd5 Qxd2+ 15. Kxd2 Nxd5 16. cxd5 Bd7 17. Rxc8+ Rxc8 18. Rc1 Rxc1 19. Kxc1
f5 20. exf5 Bxf5 21. Kd2 Kf7 22. Bd3 Bxd3 1/2-1/2

[Event "13th Goodricke"]
[Site "Calcutta IND"]
[Date "2002.03.24"]
[Round "8"]
[White "Abdulla,Al"]
[Black "Sharma,D"]
[Result "1/2-1/2"]
[WhiteElo "2432"]
[BlackElo "2380"]
[EventDate "2002.03.17"]

1. d4 d5 2. c4 e6 3. Nc3 c6 4. e3 Nf6 5. b3 Nbd7 6. Bb2 b6 7. Bd3 Bb7 8.
Nf3 Bd6 9. O-O O-O 10. Qe2 Re8 11. Rfd1 Rc8 12. Rac1 h6 13. h3 dxc4 14.
Bxc4 b5 15. Bd3 Qe7 16. Ne4 Nxe4 17. Bxe4 a6 18. Ne5 Nxe5 19. dxe5 Bb8 20.
Qf3 Red8 21. Rxd8+ Qxd8 22. Rd1 Qe7 23. g3 a5 24. Rd3 Qe8 25. h4 Bc7 26. h5
Ba8 27. Bd4 c5 28. Bxa8 Rxa8 29. Bxc5 Bxe5 30. Rd7 Bf6 31. Qb7 Rb8 32. Qa7
Ra8 33. Qb7 Rb8 34. Qa7 Ra8 1/2-1/2

[Event "13th Goodricke"]
[Site "Calcutta IND"]
[Date "2002.03.24"]
[Round "8"]
[White "Sundararajan,K"]
[Black "Palit,S"]
[Result "1-0"]
[WhiteElo "2412"]
[BlackElo "2257"]
[EventDate "2002.03.17"]

1. Nf3 Nf6 2. c4 g6 3. Nc3 d5 4. cxd5 Nxd5 5. Qb3 Nb6 6. d4 Bg7 7. Bg5 O-O
8. Rd1 h6 9. Bh4 c6 10. e3 a5 11. Be2 a4 12. Qc2 Be6 13. O-O Na6 14. e4 f5
15. exf5 Bxf5 16. Qc1 Nb4 17. Ne5 g5 18. Bg3 N4d5 19. Bd3 Bxd3 20. Rxd3 Nf4
21. Rd2 Nbd5 22. Re1 Qe8 23. a3 Rf5 24. Qc2 e6 25. Nxa4 h5 26. Nc5 h4 27.
Bxf4 gxf4 28. Nf3 h3 29. Qxf5 exf5 30. Rxe8+ Rxe8 31. Nxb7 hxg2 32. Kxg2
Re6 33. Nc5 Rg6+ 34. Kf1 Nf6 35. Re2 Nd5 36. Re6 1-0

[Event "13th Goodricke"]
[Site "Calcutta IND"]
[Date "2002.03.24"]
[Round "8"]
[White "Roy Chowdhury,S"]
[Black "Dhar,S"]
[Result "1-0"]
[WhiteElo "2358"]
[BlackElo "2193"]
[EventDate "2002.03.17"]

1. e4 e6 2. Nf3 d5 3. Nc3 Nf6 4. e5 Nfd7 5. d4 c5 6. Bg5 Qb6 7. dxc5 Bxc5
8. Qd2 Nc6 9. O-O-O Qa5 10. a3 a6 11. Qe1 h6 12. Bd2 Qc7 13. Bf4 b5 14. Bg3
Nb6 15. Na2 Bd7 16. Bd3 Nc4 17. Nb4 Bxb4 18. axb4 a5 19. Bxc4 bxc4 20. bxa5
Rxa5 21. Qc3 O-O 22. Kd2 Rb8 23. Bf4 d4 24. Qxc4 Rb4 25. Qd3 Rxb2 26. Qc4
Rb4 27. Qd3 Rb2 28. Qc4 Qb6 29. Ra1 Rc5 30. Ra8+ Kh7 31. Ng5+ hxg5 32. Qd3+
f5 33. exf6 Rf5 34. f7 Qb4+ 35. Kd1 Nd8 36. Rxd8 Rb1+ 37. Bc1 Qb2 38. f8=N+
Kg8 39. Nxe6+ Kf7 40. Qxf5+ Ke7 41. Qf8+ Kxe6 42. Re1+ 1-0

[Event "13th Goodricke"]
[Site "Calcutta IND"]
[Date "2002.03.24"]
[Round "8"]
[White "Ghader Pour,S"]
[Black "Sangma,R"]
[Result "1/2-1/2"]
[WhiteElo "2055"]
[BlackElo "2180"]
[EventDate "2002.03.17"]

1. e4 e6 2. d4 d5 3. Nd2 Nf6 4. e5 Nfd7 5. Bd3 c5 6. c3 Nc6 7. Ne2 cxd4 8.
cxd4 f6 9. exf6 Nxf6 10. O-O Bd6 11. Nf3 O-O 12. Bg5 Bd7 13. Qb1 h6 14. Bh4
Be8 15. Bg3 Bh5 16. Bg6 Bxf3 17. gxf3 Ne7 18. Bd3 Nh5 19. Kg2 Nf4+ 20. Nxf4
Bxf4 21. Qe1 Qd6 22. Rd1 Qb6 23. Qe2 Rf6 24. Rfe1 Bd6 25. Bb1 Raf8 26. Rd3
Ng6 27. Rb3 Qc7 28. Bxg6 Rxg6 29. Re3 Re8 30. Qd3 Rf6 31. Qb5 Re7 32. Rc3
Qd7 33. Qxd7 Rxd7 34. Rc8+ Kh7 35. Re8 Bxg3 36. hxg3 Rd6 37. a3 Rb6 38. b4
h5 39. Re7 Kg8 40. Rc1 a5 41. bxa5 Rb3 42. f4 Rxa3 43. Rcc7 Rg6 44. Re8+
Kh7 45. Rcc8 Rf6 46. Rb8 Rxa5 47. Rxb7 h4 48. Rb6 hxg3 49. fxg3 Ra2+ 50.
Kf3 Ra3+ 51. Kf2 Ra2+ 52. Kf3 Ra3+ 53. Kf2 Rg6 54. Rexe6 Rgxg3 55. Rb5
Rgf3+ 56. Kg2 Rg3+ 57. Kf2 Rgf3+ 58. Kg2 Rxf4 59. Rxd5 Rd3 60. Rh5+ Kg8 61.
d5 Rfd4 62. Ree5 Rg4+ 63. Kf2 Rgd4 64. Rhg5 Kf7 65. Ref5+ Kg8 66. Re5 Rd2+
67. Ke3 R2d3+ 68. Kf2 Kf8 69. Rgf5+ Kg8 70. Rg5 1/2-1/2

[Event "13th Goodricke"]
[Site "Calcutta IND"]
[Date "2002.03.25"]
[Round "9"]
[White "Sasikiran,K"]
[Black "Yegiazarian,A"]
[Result "1-0"]
[WhiteElo "2569"]
[BlackElo "2567"]
[EventDate "2002.03.17"]

1. d4 Nf6 2. c4 e6 3. Nc3 Bb4 4. e3 c5 5. Bd3 O-O 6. Nge2 d5 7. cxd5 cxd4
8. exd4 Nxd5 9. O-O Nc6 10. a3 Be7 11. Bc2 g6 12. Bh6 Re8 13. Re1 Bf6 14.
Ne4 Bg7 15. Qd2 b6 16. Bg5 f6 17. Bh4 Nce7 18. N4c3 Bb7 19. Bg3 Nf5 20.
Bxf5 exf5 21. Nxd5 Qxd5 22. f3 Rad8 23. Bf2 Bf8 24. Nc3 Rxe1+ 25. Rxe1 Qf7
26. d5 Bd6 27. Bg3 Bc5+ 28. Kh1 Re8 29. b4 Rxe1+ 30. Bxe1 Bf8 31. Bg3 Qd7
32. h4 Kf7 33. Qd4 h6 34. d6 g5 35. Nd5 Bxd5 36. Qxd5+ Ke8 37. hxg5 hxg5
38. Qg8 g4 39. Qg6+ Kd8 40. Qxf6+ Ke8 41. Qg6+ Kd8 42. Be5 gxf3 43. gxf3
Kc8 44. Qg8 Qe8 45. Qd5 Qh5+ 46. Kg2 Kd7 47. Bg3 Qg6 48. Qb7+ Ke6 49. Qc8+
Kf7 50. d7 Bd6 1-0

[Event "13th Goodricke"]
[Site "Calcutta IND"]
[Date "2002.03.25"]
[Round "9"]
[White "Sorokin,M"]
[Black "Ghaem Maghami,E"]
[Result "1/2-1/2"]
[WhiteElo "2551"]
[BlackElo "2513"]
[EventDate "2002.03.17"]

1. Nf3 c5 2. c4 Nc6 3. Nc3 g6 4. e3 Bg7 5. d4 d6 6. Be2 e6 7. O-O Nf6 8. d5
exd5 9. cxd5 Ne7 10. e4 O-O 11. Nd2 a6 12. a4 Rb8 13. a5 Bd7 14. Re1 Nc8
15. f4 Re8 16. Bf3 h5 17. h3 Nh7 18. Nc4 Bb5 19. Qb3 Bd4+ 20. Be3 Bxc4 21.
Qxc4 Bxe3+ 22. Rxe3 Qf6 23. e5 dxe5 24. Ne4 Qxf4 25. Rae1 Ng5 26. Qxc5 Nxe4
27. Bxe4 Qf6 28. Rf1 Qd6 29. Qc1 Ne7 30. Ref3 f5 31. Qg5 f4 1/2-1/2

[Event "13th Goodricke"]
[Site "Calcutta IND"]
[Date "2002.03.25"]
[Round "9"]
[White "Kotsur,P"]
[Black "Kuzmin,A"]
[Result "1/2-1/2"]
[WhiteElo "2578"]
[BlackElo "2568"]
[EventDate "2002.03.17"]

1. e4 e5 2. Nf3 Nc6 3. Bb5 a6 4. Ba4 Nf6 5. O-O Be7 6. Re1 b5 7. Bb3 O-O 8.
d4 d6 9. c3 Bg4 10. Be3 exd4 11. cxd4 Na5 12. Bc2 c5 13. dxc5 dxc5 14. Nbd2
Nc6 15. h3 Bh5 16. Rc1 Nd7 17. Bb1 Rc8 18. b3 Re8 19. Kh1 Qa5 20. Nf1 Nde5
21. g4 Nxf3 22. Qxf3 Bg6 23. Qg2 c4 24. bxc4 bxc4 25. f4 f6 26. Bd2 Qb5 27.
Bc3 Bb4 28. Ng3 Bxc3 29. Rxc3 Nb4 30. Rec1 Nd5 31. a4 Qb8 32. exd5 Bxb1 33.
d6 Rcd8 34. Qd5+ Kf8 35. d7 Re7 36. Rxc4 Ba2 37. Nf5 Bxc4 38. Qc5 Qb7+ 39.
Kg1 Qxd7 40. Nxe7 Qd4+ 41. Qxd4 Rxd4 42. Nf5 Rxf4 43. Rb1 Bd5 44. Rb8+ Kf7
45. Rc8 g6 46. Ne3 Be6 47. Rc7+ Ke8 48. Rc6 Kd7 49. Rxa6 Rf3 50. Ng2 h5 51.
gxh5 gxh5 52. h4 1/2-1/2

[Event "13th Goodricke"]
[Site "Calcutta IND"]
[Date "2002.03.25"]
[Round "9"]
[White "Sherbakov,R"]
[Black "Ravi,T"]
[Result "1-0"]
[WhiteElo "2539"]
[BlackElo "2357"]
[EventDate "2002.03.17"]

1. Nf3 Nf6 2. c4 c5 3. Nc3 Nc6 4. d4 cxd4 5. Nxd4 Qb6 6. Ndb5 a6 7. Be3 Qa5
8. Nd4 e6 9. Nb3 Qc7 10. g3 b6 11. Bg2 Bb7 12. Bf4 d6 13. c5 Rd8 14. O-O
Be7 15. Qc1 b5 16. cxd6 Bxd6 17. Nc5 Bxf4 18. Qxf4 e5 19. Qe3 b4 20. Nxb7
Qxb7 21. Ne4 Nd5 22. Qc5 Qd7 23. Rfd1 Nd4 24. e3 Ne6 25. Qc2 Qb5 26. Bf1
Qb6 27. Bc4 Ndc7 28. Rxd8+ Kxd8 29. Rd1+ Ke7 30. Rd6 Qb7 31. Qd3 Nb5 32.
Bxe6 Nxd6 33. Qxd6+ Ke8 34. Bd5 1-0

[Event "13th Goodricke"]
[Site "Calcutta IND"]
[Date "2002.03.25"]
[Round "9"]
[White "Mahesh Chandran,P"]
[Black "Lalic,B"]
[Result "1/2-1/2"]
[WhiteElo "2436"]
[BlackElo "2523"]
[EventDate "2002.03.17"]

1. e4 e6 2. d4 d5 3. Nd2 c5 4. exd5 exd5 5. Ngf3 Nf6 6. Bb5+ Bd7 7. Qe2+
Be7 8. dxc5 O-O 9. Nb3 Re8 10. O-O Bxc5 11. Qd3 Bd6 12. Bg5 Bxb5 13. Qxb5
Nbd7 14. c3 Qc7 15. Nbd4 Re4 16. Qd3 Rc8 17. Nb5 Qb8 18. Bh4 Ne5 19. Nxe5
Rxh4 20. Nf3 Ng4 21. Qf5 h6 22. h3 g6 23. Qxd5 Rh5 1/2-1/2

[Event "13th Goodricke"]
[Site "Calcutta IND"]
[Date "2002.03.25"]
[Round "9"]
[White "Yogesh,G"]
[Black "Al Sayed,Mohamad"]
[Result "1/2-1/2"]
[WhiteElo "2333"]
[BlackElo "2413"]
[EventDate "2002.03.17"]

1. e3 Nf6 2. Nf3 d5 3. c4 c6 4. b3 Bf5 5. Bb2 Nbd7 6. cxd5 cxd5 7. Nc3 e6
8. Nh4 Bg4 9. Be2 Bxe2 10. Qxe2 a6 11. f4 Bd6 12. O-O O-O 13. Nf3 Rc8 14.
Kh1 Qa5 15. a3 Qb6 16. b4 a5 17. b5 Rfd8 18. Nd4 Bf8 19. Na4 Qd6 20. Bc3
Ra8 21. Nb3 Rdc8 22. d3 g6 23. e4 dxe4 24. dxe4 Qc7 25. Bxf6 Nxf6 26. Qf3
Bg7 27. Rac1 Qe7 28. Nbc5 Re8 29. e5 Nd5 30. Ne4 Rf8 31. Nac3 Rad8 32. Nxd5
Rxd5 33. b6 Rfd8 34. Rc7 R5d7 35. Rfc1 Qxa3 36. h3 Qb2 37. Qe3 Rd4 38. Rc8
Qxb6 39. Rxd8+ Qxd8 40. Nd6 Rxd6 41. exd6 Qxd6 42. Rc8+ Bf8 43. Ra8 b6 44.
h4 h5 45. Kh2 Qc7 46. Qd4 Qe7 47. g3 Qb4 48. Qd7 Qb2+ 49. Kh3 Qb1 50. Qb7
Kg7 51. Ra7 Qf5+ 52. Kh2 Bc5 53. Ra8 Qc2+ 54. Kh3 Qd1 55. Ra7 Qg4+ 56. Kh2
Qf5 57. Qg2 Qd5 58. Qb2+ Bd4 59. Qc2 Qc5 60. Qxc5 Bxc5 61. Kg2 Kf8 62. Kf3
Ke8 63. Ke2 Bd4 64. Kf3 f5 65. Ke2 Kd8 66. Kd3 e5 67. Ra8+ Ke7 68. Rg8 a4
69. Ra8 b5 70. Ra5 Bf2 71. fxe5 Bxg3 72. Kd4 f4 73. Rxb5 f3 74. Rb7+ Ke6
75. Rb6+ Ke7 76. Ke3 f2 77. Ke2 Bxe5 78. Rxg6 Bf6 79. Rh6 Bxh4 80. Rxh5
1/2-1/2

[Event "13th Goodricke"]
[Site "Calcutta IND"]
[Date "2002.03.25"]
[Round "9"]
[White "Sriram,J"]
[Black "Blauert,J"]
[Result "1/2-1/2"]
[WhiteElo "2408"]
[BlackElo "2390"]
[EventDate "2002.03.17"]

1. c4 c5 2. Nf3 e6 3. g3 Nf6 4. Bg2 d5 5. O-O Nc6 6. d4 Be7 7. cxd5 Nxd5 8.
Nc3 O-O 9. e4 Ndb4 10. Be3 cxd4 11. Nxd4 Nxd4 12. Bxd4 b6 13. a3 1/2-1/2

[Event "13th Goodricke"]
[Site "Calcutta IND"]
[Date "2002.03.25"]
[Round "9"]
[White "Ramesh,R"]
[Black "Singh,SV"]
[Result "1-0"]
[WhiteElo "2480"]
[BlackElo "2299"]
[EventDate "2002.03.17"]

1. e4 Nf6 2. e5 Nd5 3. d4 d6 4. Nf3 Bg4 5. Be2 e6 6. c4 Nb6 7. O-O Be7 8.
Nc3 O-O 9. h3 Bh5 10. Be3 Nc6 11. exd6 cxd6 12. d5 exd5 13. Nxd5 Nxd5 14.
Qxd5 Bg6 15. Qd2 Bf6 16. Rad1 Qc8 17. Nd4 Nxd4 18. Bxd4 Bxd4 19. Qxd4 Rd8
20. Bf3 Qc7 21. Rd2 Rd7 22. Rfd1 Rad8 23. c5 d5 24. b4 Bf5 25. Qe3 Re7 26.
Qc3 Rde8 27. Rxd5 Be6 28. Rg5 f6 29. Qxf6 Bb3 30. Rd6 Bxa2 31. Qb2 Bc4 32.
Qd4 Bb3 33. Rg3 Ba4 34. Qc4+ Kh8 35. Qa2 b5 36. Qd2 a5 37. Bc6 Re1+ 38. Kh2
Rd1 39. Qg5 Rg8 40. Bd5 Re8 41. Re3 1-0

[Event "13th Goodricke"]
[Site "Calcutta IND"]
[Date "2002.03.25"]
[Round "9"]
[White "Sundararajan,K"]
[Black "Mohota,N"]
[Result "1-0"]
[WhiteElo "2412"]
[BlackElo "2257"]
[EventDate "2002.03.17"]

1. d4 d5 2. c4 e6 3. Nc3 Nf6 4. Bg5 Be7 5. e3 O-O 6. Nf3 h6 7. Bh4 b6 8.
Bd3 Bb7 9. O-O dxc4 10. Bxc4 Nbd7 11. Qe2 Ne4 12. Bg3 Nxg3 13. hxg3 c5 14.
Rfd1 Qc7 15. Rac1 Rad8 16. d5 exd5 17. Nxd5 Bxd5 18. Rxd5 Nf6 19. Rxd8 Rxd8
20. e4 Qc6 21. Bxf7+ Kf8 22. Bg6 Nd7 23. Bf5 g6 24. Nd4 Qf6 25. Ne6+ Ke8
26. Rd1 Ne5 27. Nxd8 Bxd8 28. f4 gxf5 29. fxe5 Qg5 30. Qb5+ Kf8 31. Qd7 1-0

[Event "13th Goodricke"]
[Site "Calcutta IND"]
[Date "2002.03.25"]
[Round "9"]
[White "Saravanan,V"]
[Black "Sengupta,D"]
[Result "1/2-1/2"]
[WhiteElo "2393"]
[BlackElo "2292"]
[EventDate "2002.03.17"]

1. e4 c5 2. Nf3 Nc6 3. d4 cxd4 4. Nxd4 Nf6 5. Nc3 e5 6. Ndb5 d6 7. Nd5 Nxd5
8. exd5 Nb8 9. c4 Be7 10. Be2 a6 11. Nc3 O-O 12. O-O f5 13. f4 Nd7 14. g3
exf4 15. gxf4 Nf6 16. Be3 Ng4 17. Bd4 Bf6 18. h3 Bxd4+ 19. Qxd4 Qh4 20. Kg2
Nf6 21. Qf2 Qh6 22. Rae1 Bd7 23. Qg3 1/2-1/2